Swedish words - Statistics

General Stats
  • This quiz has been taken 94 times
  • The average score is 29 of 30
Answer Stats
Question Tile Select % Correct
What word means please/thank you eller No
100%
what word means cake eller No
99%
what word means welcome eller No
99%
What word means father hej No
99%
What word means hot lang No
99%
what word means and Öl No
99%
What word means please/thank you tack Yes
99%
what word means cake tårta Yes
99%
what word means welcome välkomna Yes
99%
what word means cake varm No
99%
What word means please/thank you vatten No
99%
what word means tall vatten No
99%
what word means welcome vatten No
99%
what word means tall eller No
98%
What word means father far Yes
98%
What word means hot kall No
98%
what word means tall lång Yes
98%
What word means father långt No
98%
What word means hot varm Yes
98%
what word means and Åh No
97%
what word means hi Äh No
97%
what word means hi eller No
97%
what word means hi hej Yes
97%
what word means water långt No
97%
what word means and Och Yes
97%
what word means water Öl No
97%
what word means water vatten Yes
95%
what word means or Äh No
93%
what word means or eller Yes
91%
what word means or Öl No
91%
No matching quizzes found
Score Distribution
Percent of People with Each Score
Percentile by Number Answered
Your Score History
You have not taken this quiz